Finančná analýza vybraného podniku bakalárska práca

Na minha lista:
Detalhes bibliográficos
Autor principal: Paliderová, Daniela
Autor Corporativo: Národohospodárska fakulta EU. Katedra financií
Outros Autores: Alexy, Martin, 1976-
Formato: Livro
Idioma:eslovaco
Publicado em: Bratislava 2018
Tags: Adicionar Tag
Sem tags, seja o primeiro a adicionar uma tag!

MARC

LEADER 00000nbm a2200000 4500
001 0245960
005 20181214122440.7
041 0 |a slo 
044 |a SK 
245 1 0 |a Finančná analýza vybraného podniku  |b bakalárska práca  |c Daniela Paliderová ; školiteľ: Martin Alexy 
264 1 |a Bratislava  |c 2018 
300 |a 46 s. 
100 1 |a Paliderová, Daniela 
700 1 |a Alexy, Martin, 1976- 
710 2 |a Národohospodárska fakulta EU. Katedra financií